BSOP header

America's boy : (Record no. 21021)

MARC details
000 -LEADER
fixed length control field 00965nam a2200217 4500
008 - FIXED-LENGTH DATA ELEMENTS--GENERAL INFORMATION
fixed length control field 040825r19991998ph b b i 001 0 eng
020 ## - INTERNATIONAL STANDARD BOOK NUMBER
International Standard Book Number 9712710890 :Php40
090 ## - LOCALLY ASSIGNED LC-TYPE CALL NUMBER (OCLC); LOCAL CALL NUMBER (OCLC)
Classification number (OCLC) (R) ; Classification number, CALL (RLIN) (NR) DS686.6.M35
Local cutter number (OCLC) ; Book number/undivided call number, CALL (RLIN) H18a
100 0# - MAIN ENTRY--PERSONAL NAME
Personal name Hamilton-Paterson, James.
245 10 - TITLE STATEMENT
Title America's boy :
Remainder of title a century of colonialism in the Philippines /
Statement of responsibility, etc James Hamilton-Paterson.
260 ## - PUBLICATION, DISTRIBUTION, ETC. (IMPRINT)
Place of publication, distribution, etc Pasig City ;New York :
Name of publisher, distributor, etc Anvil Pub. ;H. Holt,
Date of publication, distribution, etc 1999.
300 ## - PHYSICAL DESCRIPTION
Extent xxv, 462 p. :
Other physical details maps ;
Dimensions 25 cm.
500 ## - GENERAL NOTE
General note "A John Macrae book."
500 ## - GENERAL NOTE
General note Originally published : [S.l.] : Granta Books, 1998.
504 ## - BIBLIOGRAPHY, ETC. NOTE
Bibliography, etc Includes bibliographical references (p. [442]-446) and index.
600 04 - SUBJECT ADDED ENTRY--PERSONAL NAME
Personal name Marcos, Ferdinand E.
Fuller form of name (Ferdinand Edralin),
Dates associated with a name 1917-
651 #4 - SUBJECT ADDED ENTRY--GEOGRAPHIC NAME
Geographic name Philippines
General subdivision Foreign relations
Geographic subdivision United States.
651 #4 - SUBJECT ADDED ENTRY--GEOGRAPHIC NAME
Geographic name Philippines
General subdivision Politics and government
Chronological subdivision 20th century.
651 #4 - SUBJECT ADDED ENTRY--GEOGRAPHIC NAME
Geographic name United States
General subdivision Foreign relations
Geographic subdivision Philippines.
951 ## - EQUIVALENCE OR CROSS-REFERENCE-GEOGRAPHIC NAME/AREA NAME [OBSOLETE] [CAN/MARC only]
General subdivision 00029649
951 ## - EQUIVALENCE OR CROSS-REFERENCE-GEOGRAPHIC NAME/AREA NAME [OBSOLETE] [CAN/MARC only]
-- 27472
-- DS686.6.M35/H18a
-- 070613111413234
-- 2000-12-21
-- FIL
Holdings
Withdrawn status Lost status Source of classification or shelving scheme Damaged status Not for loan Home library Current library Shelving location Date acquired Accession number Shelving control number Total Checkouts Full call number Barcode Date last seen Price effective from Koha item type Source of acquisition Copy number
    Library of Congress Classification     BSOP Library BSOP Library Filipiniana 12/21/2000 27472 127   DS686.6.M35 H18a 00029649 02/23/2013 02/23/2013 Books    
    Library of Congress Classification     BSOP Library BSOP Library Filipiniana 06/03/2015 37170     DS686.6.M35 H18a 00045270 06/03/2015 06/03/2015 Books Drs. George & Anne Harper c.2
BSOP

Biblical Seminary of the Philippines
  All rights Reserved
  © 2024

CONTACT INFORMATION

Biblical Seminary of the Philippines,
  77-B Karuhatan Road, Valenzuela City,
  PHILIPPINES 1441
  Phone: +632 8292-6795 / 8292-6798
  Fax : +632 8292-6675
  Email: library@bsop.edu.ph